Gods from outer space; (Record no. 288435)
[ view plain ]
| 000 -LEADER | |
|---|---|
| fixed length control field | 01040cam a2200313 4500 |
| 001 - CONTROL NUMBER | |
| control field | 1764379 |
| 003 - CONTROL NUMBER IDENTIFIER | |
| control field | PILC |
| 005 - DATE AND TIME OF LATEST TRANSACTION | |
| control field | 20150824083055.0 |
| 008 - FIXED-LENGTH DATA ELEMENTS--GENERAL INFORMATION | |
| fixed length control field | 710427t19711970nyua b 001 0 eng |
| 010 ## - LIBRARY OF CONGRESS CONTROL NUMBER | |
| LC control number | 76147059 |
| 040 ## - CATALOGING SOURCE | |
| Original cataloging agency | DLC |
| Transcribing agency | DLC |
| Modifying agency | DLC |
| 041 1# - LANGUAGE CODE | |
| Language code of text/sound track or separate title | engger |
| 050 00 - LIBRARY OF CONGRESS CALL NUMBER | |
| Classification number | TL 788.7 |
| Item number | .D331 1971 |
| 082 00 - DEWEY DECIMAL CLASSIFICATION NUMBER | |
| Classification number | 001.9/42 |
| 100 1# - MAIN ENTRY--PERSONAL NAME | |
| Personal name | Däniken, Erich von, |
| Dates associated with a name | 1935- |
| 240 10 - UNIFORM TITLE | |
| Uniform title | <a href="Zurück zu den Sternen.">Zurück zu den Sternen.</a> |
| Language of a work | English |
| 245 10 - TITLE STATEMENT | |
| Title | Gods from outer space; |
| Remainder of title | return to the stars, or evidence for the impossible. |
| Statement of responsibility, etc | Translated by Michael Heron. |
| 250 ## - EDITION STATEMENT | |
| Edition statement | 1st American edition. |
| 260 ## - PUBLICATION, DISTRIBUTION, ETC. (IMPRINT) | |
| Place of publication, distribution, etc | New York : |
| Name of publisher, distributor, etc | Putnam, |
| Date of publication, distribution, etc | 1971. |
| 300 ## - PHYSICAL DESCRIPTION | |
| Extent | 190 pages : |
| Other physical details | illustrations ; |
| Dimensions | 23 cm. |
| 350 ## - PRICE (NR) (BK AM CF MU VM SE) [OBSOLETE] | |
| Price | $5.95 |
| 500 ## - GENERAL NOTE | |
| General note | Translation of Zurück zu den Sternen. |
| 500 ## - GENERAL NOTE | |
| General note | Includes bibliographical references and index. |
| 650 #0 - SUBJECT ADDED ENTRY--TOPICAL TERM | |
| Topical term or geographic name as entry element | Civilization, Ancient |
| General subdivision | Extraterrestrial influences. |
| 650 #0 - SUBJECT ADDED ENTRY--TOPICAL TERM | |
| Topical term or geographic name as entry element | Life on other planets. |
| 740 ## - ADDED ENTRY--UNCONTROLLED RELATED/ANALYTICAL TITLE | |
| Uncontrolled related/analytical title | Return to the stars. |
| 906 ## - LOCAL DATA ELEMENT F, LDF (RLIN) | |
| a | 7 |
| b | cbc |
| c | orignew |
| d | 2 |
| e | ncip |
| f | 19 |
| g | y-gencatlg |
| 942 ## - ADDED ENTRY ELEMENTS (KOHA) | |
| Source of classification or shelving scheme | Library of Congress Classification |
| Koha item type | Books |
| Call number prefix | Foreign |
| Withdrawn status | Lost status | Source of classification or shelving scheme | Damaged status | Home library | Current library | Shelving location | Date acquired | Source of acquisition | Total Checkouts | Full call number | Barcode | Date last seen | Price effective from | Koha item type |
|---|---|---|---|---|---|---|---|---|---|---|---|---|---|---|
| Library of Congress Classification | Archives | Archives | 08/24/2015 | Donation | TL 788.7 .D331 1971 | C19728 | 05/15/2018 | 08/24/2015 | Books |